000 00245nmm a2200085Ia 4500
008 220120s9999||||xx |||||||||||||||||und||
100 _aDigit
245 0 _aLearn sculptris tutorials, apple's WWDC Xiii keynote, comput
260 _aNine dot Nine
_c2013
999 _c139845
_d139845